LEADER 00922nam0-22003251i-450- 001 990007826060403321 005 20131129123414.0 010 $a88-7088-377-9 035 $a000782606 035 $aFED01000782606 035 $a(Aleph)000782606FED01 035 $a000782606 100 $a20030918d2002----km-y0itay50------ba 101 0 $aita 102 $aIT 105 $ay-------001cy 200 1 $a<>storia come pensiero e come azione$fBenedetto Croce 210 $aNapoli$cBibliopolis$dstampa 2002 215 $a407 p.$d23 cm 225 1 $aSaggi filosofici$v9 610 0 $aCroce, Benedetto$aStoria 676 $a901$v21$zita 700 1$aCroce,$bBenedetto$f<1866-1952>$09641 801 0$aIT$bUNINA$gRICA$2UNIMARC 901 $aBK 912 $a990007826060403321 952 $aP.1 9I CROCE 71$bBibl. 45325$fFLFBC 959 $aFLFBC 996 $aStoria come pensiero e come azione$9136601 997 $aUNINA LEADER 02061oam 2200565M 450 001 9910716276603321 005 20200213071025.8 035 $a(CKB)5470000002519357 035 $a(OCoLC)1065742252 035 $a(OCoLC)995470000002519357 035 $a(EXLCZ)995470000002519357 100 $a20071213d1926 ua 0 101 0 $aeng 135 $aurcn||||||||| 181 $ctxt$2rdacontent 182 $cc$2rdamedia 183 $acr$2rdacarrier 200 10$aAddison B. McKinley. March 22, 1926. -- Committed to the Committee of the Whole House and ordered to be printed 210 1$a[Washington, D.C.] :$c[U.S. Government Printing Office],$d1926. 215 $a1 online resource (3 pages) 225 1 $aHouse report / 69th Congress, 1st session. House ;$vno. 605 225 1 $a[United States congressional serial set ] ;$v[serial no. 8536] 300 $aPage 3 is paginated as page 7 in error. It is page 3. 300 $aMinority views of Mr. Box follow p. 2. 300 $aBatch processed record: Metadata reviewed, not verified. Some fields updated by batch processes. 300 $aFDLP item number not assigned. 606 $aAircraft accidents 606 $aAeronautics$xSafety measures 606 $aClaims 606 $aMalicious mischief 606 $aVandalism 606 $aLegislative amendments 608 $aLegislative materials.$2lcgft 615 0$aAircraft accidents. 615 0$aAeronautics$xSafety measures. 615 0$aClaims. 615 0$aMalicious mischief. 615 0$aVandalism. 615 0$aLegislative amendments. 701 $aAppleby$b Stewart Hoffman$f1890-1964$pRepublican (NJ)$01386847 701 $aBox$b John C$g(John Calvin),$f1871-1941$pDemocrat (TX)$01392478 801 0$bWYU 801 1$bWYU 801 2$bOCLCO 801 2$bOCLCQ 801 2$bOCLCO 906 $aBOOK 912 $a9910716276603321 996 $aAddison B. McKinley. March 22, 1926. -- Committed to the Committee of the Whole House and ordered to be printed$93463165 997 $aUNINA